[Event "BCF-chT4a 0405 (4NCL)"]
[Site "Telford"]
[Date "2004.11.06"]
[Round "1.4"]
[White "Pready, Alex"]
[Black "Kreuzer, Christopher RL"]
[Result "0-1"]
[WhiteElo "1890"]
[BlackElo "1955"]
[PlyCount "62"]
[EventDate "2004.11.06"]
[EventType "team"]
[EventRounds "11"]
[EventCountry "ENG"]
[SourceTitle "EXT 2006"]
[Source "ChessBase"]
[SourceDate "2005.11.24"]
[SourceVersion "1"]
[SourceVersionDate "2005.11.24"]
[SourceQuality "1"]
[WhiteTeam "The ADS"]
[BlackTeam "Cambridge II"]
[WhiteTeamCountry "ENG"]
[BlackTeamCountry "ENG"]

1. e4 c5 2. Nf3 d6 3. d4 cxd4 4. Nxd4 Nf6 5. Nc3 a6 6. f3 e5 7. Nb3 Be6 8. Be3 Be7 9. Qd2 0-0 10. 0-0-0 b5 11. g4 Nbd7 12. g5 b4 13. Nd5 Nxd5 14. exd5 Bf5 15. h4 a5 16. Bd3 Bxd3 17. Qxd3 a4 18. Na1 Qc7 19. Kd2 Ra5 20. Ke2 f5 21. Rc1 Qb7 22. Rhd1 e4 23. fxe4 Ne5 24. Qd4 Qb5+ 25. Kf2 fxe4+ 26. Kg3 Rf3+ 27. Kg2 Qe2+ 28. Bf2 Rg3+ 29. Kxg3 Qg4+ 30. Kh2 Nf3+ 31. Kh1 Qh3# 0-1